000 00777nac a22002297a 4500
001 BR7703074
003 BR-BrBNA
005 20240105114103.0
008 230509b bl.|||m| |||| 00| 0 por d
040 _aBR-BrBNA
_bpor
_cBiblioteca Nacional de Agricultura
072 _aA00
090 _aA00 BR7703074
110 1 _aInstituto Brasileiro de Informacao em Ciencia e Tecnologia, Rio de Janeiro, RJ
_95799
245 1 _aBibliografia brasileira de ciencias agricolas 1973/1974
260 3 _aRio de Janeiro, RJ (Brasil):
_c1977.
300 _a446 p.
490 _aBibliografia Brasileira de Ciencias Agricolas (Brazil)
_vv. 7
_xISSN 0067-6594
650 _aAgricultura
650 _aBibliografia
909 _a202312
_bLúcia Elande
_c55
_dLúcia Elande
942 _2AGRIS
_n0
_cMS
999 _c267317
_d267317